| 000 | 00630nam a2200193 a 4500 | ||
|---|---|---|---|
| 005 | 20140412111240.0 | ||
| 008 | 010710s19uu xx 00 eng d | ||
| 020 | _a0-8114-3867-8 | ||
| 050 |
_aTR(PS E _bMy99 1995 |
||
| 100 | _aLakin, Patricia | ||
| 245 |
_aMystery illness (The)/ _cby Patricia Lakin; picutres by DOug Cushman. |
||
| 260 |
_aAustin, TX : _bSteck-Vaughn Comp, _c1995. |
||
| 300 | _a31p. ; ill. | ||
| 440 | _aMy School | ||
| 520 | _aMiss Yoo, the school nurse, deals with everything from chicken pox to a severe allergic reaction. | ||
| 650 | _aNurses-Fiction | ||
| 650 | _aSchools-Fiction | ||
| 999 |
_c102666 _d102666 |
||